Cultural Pasts : (Record no. 54273)

MARC details
000 -LEADER
fixed length control field 01346nam a22003257a 4500
005 - DATE AND TIME OF LATEST TRANSACTION
control field 20110722165950.0
008 - FIXED-LENGTH DATA ELEMENTS--GENERAL INFORMATION
fixed length control field 110722t xxu||||| |||| 00| 0 eng d
010 ## - LCCN (DPL NO)
LC control number B-428239
020 ## - INTERNATIONAL STANDARD BOOK NUMBER
International Standard Book Number 0195664876
Terms of availability 645.00
020 ## - INTERNATIONAL STANDARD BOOK NUMBER
International Standard Book Number 9780195664874
Terms of availability 645.00
035 ## - SYSTEM CONTROL NUMBER
System control number B-428239
037 ## - SOURCE OF ACQUISITION
Source of stock number/acquisition BPPD/ PUB
037 ## - SOURCE OF ACQUISITION
Source of stock number/acquisition Allied/DE2010/CR/2777/16.3.11/280/4.3.11/30.3.11
040 ## - CATALOGING SOURCE
Original cataloging agency DPL
Language of cataloging English
082 ## - DEWEY DECIMAL CLASSIFICATION NUMBER
Classification number 954.01
100 ## - MAIN ENTRY--PERSONAL NAME
Personal name Thapar, Romila
9 (RLIN) 29993
245 ## - TITLE STATEMENT
Title Cultural Pasts :
Statement of responsibility, etc Thapar, Romila
260 ## - PUBLICATION, DISTRIBUTION, ETC. (IMPRINT)
Place of publication, distribution, etc New Delhi
Name of publisher, distributor, etc Oxford University Press,
Date of publication, distribution, etc 2010
300 ## - PHYSICAL DESCRIPTION
Extent 1156p.
Other physical details ill.
Dimensions 21cm. (pbk)
500 ## - GENERAL NOTE
General note Includes bibliographical references and index
650 ## - SUBJECT ADDED ENTRY--TOPICAL TERM
Topical term or geographic name as entry element Welfare economics.
9 (RLIN) 29994
650 ## - SUBJECT ADDED ENTRY--TOPICAL TERM
Topical term or geographic name as entry element Finance, Public.
9 (RLIN) 29995
650 ## - SUBJECT ADDED ENTRY--TOPICAL TERM
Topical term or geographic name as entry element Finance, Public
General subdivision Mathematical models.
9 (RLIN) 29996
650 ## - SUBJECT ADDED ENTRY--TOPICAL TERM
Topical term or geographic name as entry element Welfare economics
General subdivision Mathematical models.
9 (RLIN) 29997
650 ## - SUBJECT ADDED ENTRY--TOPICAL TERM
Topical term or geographic name as entry element Development economics.
9 (RLIN) 29998
856 ## - ELECTRONIC LOCATION AND ACCESS
Materials specified Table of contents only
Uniform Resource Identifier <a href="http://www.loc.gov/catdir/enhancements/fy0628/2006297239-t.html">http://www.loc.gov/catdir/enhancements/fy0628/2006297239-t.html</a>
942 ## - ADDED ENTRY ELEMENTS (KOHA)
Institution code [OBSOLETE] dpl
Item type English Books
Source of classification or shelving scheme Dewey Decimal Classification
Call number suffix THA
Classification part 954.01
Holdings
Withdrawn status Lost status Source of classification or shelving scheme Damaged status Not for loan Collection code Home library Current library Date acquired Source of acquisition Cost, normal purchase price Total Checkouts Total Renewals Full call number Barcode Date last seen Copy number Cost, replacement price Koha item type
    Dewey Decimal Classification     Non-fiction Central Library Central Library 09/08/2011 Allied/DE2010/CR/2777/16.3.11/280/4.3.11/30.3.11 645.00 15 1 954.01 THA B-428239 05/01/2026 1 645.00 English Books

© Delhi Public Library
Hit Counter
free hit counter